Statystyki dla Państwa które mają powierzchnię większą niż 100,000km2

Kliknij tutaj aby rozwiązać quiz!

Ogólne statystyki

  • Ten quiz został rozwiązany 119 razy
  • Średni wynik to 69 z 106

Statystyki odpowiedzi

KontynentnumerPaństwo% Poprawnych
Ameryka Płn.4Stany Zjednoczone
99%
Azja3Chiny
98%
Europa/Azja1Rosja
98%
Ameryka Płd.5Brazylia
95%
Ameryka Płn.2Kanada
95%
Ameryka Płd.8Argentyna
91%
Australia i Oceania6Australia
91%
Azja7Indie
89%
Europa69Polska
89%
Azja/Europa9Kazachstan
88%
Europa48Francja
86%
Ameryka Płn.13Meksyk
85%
Europa44Ukraina
85%
Europa51Hiszpania
84%
Azja14Indonezja
83%
Azja36Turcja
83%
Ameryka Płd.37Chile
81%
Europa62Niemcy
81%
Afryka21Niger
81%
Ameryka Płd19Peru
81%
Afryka24Republika Południowej Afryki
81%
Afryka29Egipt
80%
Ameryka Płd.25Kolumbia
80%
Afryka11Demokratyczna Republika Konga
79%
Europa64Finlandia
79%
Azja18Mongolia
79%
Afryka31Nigeria
79%
Europa55Szwecja
79%
Afryka10Algieria
78%
Azja12Arabia Saudyjska
78%
Azja17Iran
78%
Azja35Pakistan
78%
Europa78Wielka Brytania
78%
Ameryka Płd.27Boliwia
76%
Europa67Norwegia
76%
Europa71Włochy
76%
Europa84Białoruś
75%
Afryka16Libia
75%
Azja61Japonia
74%
Afryka15Sudan
74%
Azja56Uzbekistan
73%
Azja58Irak
71%
Afryka63Kongo
71%
Azja40Afganistan
70%
Afryka20Czad
70%
Australia i Oceania75Nowa Zelandia
70%
Europa81Rumunia
70%
Ameryka Płd.32Wenezuela
70%
Afryka57Maroko
69%
Azja52Turkmenistan
68%
Europa95Grecja
66%
Afryka23Mali
66%
Azja85Kirgistan
64%
Azja94Tadżykistan
64%
Ameryka Płd.89Urugwaj
64%
Afryka26Etiopia
63%
Azja70Oman
61%
Ameryka Płd.59Paragwaj
61%
Azja50Tajlandia
61%
Azja65Wietnam
61%
Afryka47Kenia
60%
Afryka45Madagaskar
60%
Azja66Malezja
59%
Azja49Jemen
58%
Afryka28Mauretania
58%
Afryka42Somalia
58%
Afryka30Tanzania
58%
Afryka22Angola
56%
Europa103Bułgaria
55%
Ameryka Płd.73Ekwador
55%
Azja72Filipiny
55%
Europa106Islandia
55%
Ameryka Płn.104Kuba
55%
Azja82Laos
55%
Afryka41Sudan Południowy
55%
Azja88Kambodża
54%
Afryka34Mozambik
53%
Azja97Korea Północna
51%
Afryka33Namibia
51%
Afryka38Zambia
51%
Afryka53Kamerun
50%
Australia i Oceania54Papua Nowa-Gwinea
50%
Afryka86Senegal
50%
Azja87Syria
50%
Afryka91Tunezja
50%
Afryka77Gwinea
49%
Azja92Nepal
49%
Afryka79Uganda
49%
Afryka60Zimbabwe
49%
Ameryka Płd.83Gujana
48%
Afryka43Republika Środkowoafrykańska
48%
Ameryka Płd.90Surinam
48%
Afryka80Ghana
46%
Azja93Bangladesz
45%
Afryka46Botswana
44%
Azja39Mjanma
44%
Afryka76Gabon
43%
Ameryka Płn.105Gwatemala
43%
Afryka68Wybrzeże Kości Słoniowej
43%
Ameryka Płn.101Honduras
41%
Afryka102Liberia
41%
Ameryka Płn.96Nikaragua
40%
Afryka74Burkina Faso
38%
Afryka100Benin
31%
Afryka99Erytrea
31%
Afryka98Malawi
25%

Rozkład punktacji

Percentyl według liczby udzielonych odpowiedzi

Procent ludzi z każdym wynikiem

Twoja historia wyników

Nie rozwiązałeś tego quizu